000 00387nam a2200145Ia 4500
008 230917s9999||||xx |||||||||||||| ||und||
040 _e59365
_aMAIN
041 _aEnglish
082 _a380.5 K959T
100 _aKulshrestha, D K
245 0 _aTransport management in India: in special reference to bus stations
260 _aNew Delhi
_bMittal
_c1993
300 _a115 p.
942 _cBK
999 _c75891
_d75891